Normal view
MARC view
- REFERENCE SERVICES-LIBRARIES REFERENCE BOOKS BIBLIOGRAPHY
Entry Topical Term
001 - CONTROL NUMBER
- control field: 78691
003 - CONTROL NUMBER IDENTIFIER
- control field: NUST
005 - DATE AND TIME OF LATEST TRANSACTION
- control field: 20210628210236.0
008 - FIXED-LENGTH DATA ELEMENTS
- fixed length control field: 210628|| aca||aabn | a|a d
040 ## - CATALOGING SOURCE
- Original cataloging agency: NUST
- Transcribing agency: NUST
150 ## - HEADING--TOPICAL TERM
- Topical term or geographic name entry element: REFERENCE SERVICES-LIBRARIES REFERENCE BOOKS BIBLIOGRAPHY
670 ## - SOURCE DATA FOUND
- Source citation: Work cat.: (NUST): Kate, William.A 78690, Introduction to reference work basic information sources, 1992
